00745nam a2200241 a 4500001001300000003000900013005001700022008004100039020001000080082001700090100002100107245004700128260006200175300000800237500003500245505004500280650001000325700002100335902000800356942000700364952011700371999001500488nice12345678IN_TiNIC20260116011947.0050524s1968 hyda grp 000 0 eng  ac10000a327.172bRED aReddy, B V Subba aRole of Democracy in National Integration. aHyderabadbInstt. Ofindo-Middle East Cultural Studic1968 a23p aincludes index and biblioraphy2 aHyderabad Fellowship Publications No. 2. aPeace1 aReddy, B V Subba bSRS cBK 001040708StackRoom-aHMIbHMId2007-04-19g100.00l0o327.172 REDp06319r2007-04-19v100.00w2005-05-24yBK c5068d5068